| 000 | 00517nam a22001697a 4500 | ||
|---|---|---|---|
| 005 | 20240311113001.0 | ||
| 008 | 240226b |||||||| |||| 00| 0 eng d | ||
| 020 | _a9788123923437 | ||
| 082 |
_a617.606 _bRAG-D |
||
| 100 | _aRagab, Radwan R.EL-Beialy | ||
| 245 |
_aDental Treatment of Medically Compromised Patients / _cRagab, Radwan R.EL-Beialy |
||
| 260 |
_aIndia : _bJaypee ; _c2014 . |
||
| 300 |
_aIndia : _bill ; _c27 cm. |
||
| 500 | _aHard binding. Include Index. | ||
| 650 | _aMedical / Dentistry | ||
| 999 |
_c35182 _d35182 |
||